Nahu melayu mutakhir : edisi baru

Bibliographic Details
Main Author: Prof.Dr.Asmah Haji Omar
Format: Book
Published: Kuala Lumpur : Dewan Bahasa Dan Pustaka , 1986

MARC

LEADER 00000cam a2200000 7i4500
001 0000058743
005 20160119.0
008 160114
090 0 0 |a 499.285   |b ASM 
100 1 |a Prof.Dr.Asmah Haji Omar 
245 1 0 |a Nahu melayu mutakhir :   |b edisi baru   |c Prof.Dr.Asmah Haji Omar 
260 |a Kuala Lumpur :   |b Dewan Bahasa Dan Pustaka ,   |c 1986 
999 |a 0000083251   |b Book   |c Adult Collection   |e Cawangan Mersing 
999 |a 0000083252   |b Book   |c Adult Collection   |e Cawangan Mersing 
999 |a 0000083257   |b Book   |c Adult Collection   |e Cawangan Muar